[Event "BLR-chT U18"]
[Site "Gomel"]
[Date "2024.03.04"]
[Round "6.1"]
[White "Kaniusheuski, Raman"]
[Black "Navumenka, Mikhei"]
[Result "0-1"]
[WhiteElo "2000"]
[BlackElo "2300"]
[PlyCount "100"]
[EventDate "2024.03.01"]
[EventType "tourn"]
[EventRounds "7"]
[EventCountry "BLR"]
[SourceTitle "CB11_2024"]
[SourceDate "2024.03.13"]
[SourceVersion "1"]
[SourceVersionDate "2024.03.13"]
[SourceQuality "1"]

1. e4 e6 2. d4 d5 3. e5 c5 4. c3 Qb6 5. Nf3 Nc6 6. a3 Nh6 7. b4 cxd4 8. cxd4 Nf5 9. Bb2 Bd7 10. g4 Nfe7 11. Nc3 Na5 12. Nd2 Rc8 13. Rc1 Ng6 14. h4 h5 15. gxh5 Nf4 16. Rc2 Nc4 17. Nxc4 dxc4 18. Bc1 Nd5 19. Rh3 Nxc3 20. Rcxc3 a5 21. Rxc4 Rxc4 22. Bxc4 axb4 23. Kf1 Qc6 24. Be2 bxa3 25. Kg1 a2 26. Bb2 Qe4 27. Qd3 Qxd3 28. Rxd3 Bc6 29. Rc3 Bb4 30. Rc2 Kd7 31. Bc4 Rxh5 32. Kh2 Rxh4+ 33. Kg3 g5 34. Bxa2 f5 35. f3 f4+ 36. Kg2 g4 37. d5 exd5 38. Bd4 g3 39. Kg1 Ke6 40. Rb2 Ba3 41. Rc2 Bf8 42. Re2 Bg7 43. Bb2 Rh5 44. Bc1 Rxe5 45. Re4 Rxe4 46. fxe4 Bd4+ 47. Kg2 Be3 48. Bxe3 fxe3 49. Kxg3 Ke5 50. Kf3 d4 0-1

[Event "Minsk op"]
[Site "Minsk"]
[Date "2023.11.09"]
[Round "7"]
[White "Tsaruk, Maksim"]
[Black "Navumenka, Mikhei"]
[Result "1/2-1/2"]
[WhiteElo "2435"]
[BlackElo "2201"]
[PlyCount "133"]
[EventDate "2023.11.03"]
[EventType "swiss"]
[EventRounds "9"]
[EventCountry "BLR"]
[SourceTitle "CB46_2023"]
[SourceDate "2023.11.15"]
[SourceVersion "1"]
[SourceVersionDate "2023.11.15"]
[SourceQuality "1"]

1. e4 e6 2. d4 d5 3. e5 c5 4. c3 Nc6 5. Nf3 Qb6 6. a3 Nge7 7. b4 cxd4 8. cxd4 Nf5 9. Be3 f6 10. exf6 gxf6 11. Nc3 Nxe3 12. fxe3 Bh6 13. Qd2 0-0 14. Bd3 Ne7 15. 0-0 e5 16. Bc2 e4 17. Ne1 Kh8 18. Bb3 Be6 19. g3 Bh3 20. Ng2 Rad8 21. Rac1 f5 22. Ne2 Qd6 23. Rc3 Rg8 24. Rfc1 Ng6 25. Rc5 Qe6 26. Nef4 Bxf4 27. Nxf4 Nxf4 28. exf4 e3 29. Qd3 Rge8 30. Re1 e2 31. Bc2 Bf1 32. Qf3 b6 33. Rc7 Rc8 34. Rxc8 Qxc8 35. Qh5 Qe6 36. Qf3 Qe3+ 37. Qxe3 Rxe3 38. Bxf5 Rxa3 39. Bg4 Ra2 40. Kf2 Rd2 41. Bxe2 Bxe2 42. Rxe2 Rxd4 43. b5 Rb4 44. Re8+ Kg7 45. Re7+ Kg6 46. Rxa7 Rxb5 47. Ke3 Rb2 48. Rd7 Rxh2 49. Rxd5 Rb2 50. g4 Rb4 51. Rd6+ Kg7 52. g5 Rb1 53. Ke4 Rb4+ 54. Kf5 Rb5+ 55. Kg4 Rb4 56. Rd7+ Kg6 57. Rd6+ Kg7 58. Rc6 Kf7 59. Rf6+ Kg7 60. Kh5 Rc4 61. f5 Rf4 62. Rxb6 Rxf5 63. Rb7+ Rf7 64. Rxf7+ Kxf7 65. Kh6 Kg8 66. g6 hxg6 67. Kxg6 1/2-1/2

[Event "Wch U16 blitz"]
[Site "Batumi"]
[Date "2023.06.10"]
[Round "2"]
[White "Antonyan, Hamlet"]
[Black "Navumenka, Mikhei"]
[Result "0-1"]
[WhiteElo "1438"]
[BlackElo "2200"]
[PlyCount "94"]
[EventDate "2023.06.10"]
[EventType "swiss (blitz)"]
[EventRounds "11"]
[EventCountry "GEO"]
[SourceTitle "EXT 2024"]
[Source "ChessBase"]
[SourceDate "2023.10.10"]
[SourceVersion "1"]
[SourceVersionDate "2023.10.10"]
[SourceQuality "1"]
[WhiteTeam "Armenia"]
[BlackTeam "FIDE"]
[WhiteTeamCountry "ARM"]

1. e4 e6 2. d4 d5 3. Nc3 Nc6 4. Nf3 Nf6 5. exd5 exd5 6. h3 Ne4 7. Bd3 Nxc3 8. bxc3 Be7 9. 0-0 0-0 10. Bf4 Bd6 11. Bg5 f6 12. Be3 Ne7 13. Nh4 Qe8 14. Re1 Qf7 15. Qf3 c6 16. Bf4 Ba3 17. Bc1 Bxc1 18. Raxc1 Bd7 19. Re2 Rae8 20. Rce1 Nc8 21. Qg3 Nb6 22. Bf5 Rxe2 23. Rxe2 Re8 24. Rxe8+ Qxe8 25. Bxd7 Qxd7 26. Qb8+ Nc8 27. Nf3 Kf7 28. Qf4 Kg8 29. Qb8 a6 30. Nd2 Kf7 31. Nb3 Nd6 32. Nc5 Qe7 33. Kh2 h5 34. Qh8 Kg6 35. Nd3 Qe4 36. g3 Qf3 37. Nf4+ Kf7 38. Kg1 Ne4 39. Nd3 Ng5 40. Qc8 Qe4 41. Qxb7+ Kg8 42. Qc8+ Kh7 43. g4 Nxh3+ 44. Kh2 hxg4 45. Qd7 Ng5 46. Kg3 Qf3+ 47. Kh2 Qh3+ 0-1

[Event "Wch U16 blitz"]
[Site "Batumi"]
[Date "2023.06.10"]
[Round "5"]
[White "Strybuk, Artsiom I"]
[Black "Navumenka, Mikhei"]
[Result "1/2-1/2"]
[WhiteElo "2303"]
[BlackElo "2200"]
[PlyCount "70"]
[EventDate "2023.06.10"]
[EventType "swiss (blitz)"]
[EventRounds "11"]
[EventCountry "GEO"]
[SourceTitle "EXT 2024"]
[Source "ChessBase"]
[SourceDate "2023.10.10"]
[SourceVersion "1"]
[SourceVersionDate "2023.10.10"]
[SourceQuality "1"]
[WhiteTeam "FIDE"]
[BlackTeam "FIDE"]

1. d4 d5 2. c4 e6 3. Nf3 Nf6 4. g3 Be7 5. Bg2 0-0 6. Qc2 c5 7. dxc5 Bxc5 8. cxd5 Bb4+ 9. Bd2 Nxd5 10. 0-0 Bxd2 11. Nbxd2 Nc6 12. a3 e5 13. Rfd1 Qe7 14. Ne4 Nf6 15. e3 Bf5 16. Nh4 Bxe4 17. Bxe4 Nxe4 18. Qxe4 g6 19. Nf3 Rfd8 20. h4 Rxd1+ 21. Rxd1 h5 22. b4 a6 23. Rd5 Rd8 24. Rxd8+ Qxd8 25. Nxe5 Qe7 26. f4 Nxe5 27. Qxe5 Qd7 28. Qd4 Qh3 29. Kf2 Qh2+ 30. Kf3 Qh1+ 31. Ke2 Qg2+ 32. Kd3 Qxg3 33. Qd8+ Kg7 34. Qd4+ Kg8 35. Qd8+ Kg7 1/2-1/2

[Event "BLR-ch U20"]
[Site "Minsk"]
[Date "2023.04.12"]
[Round "2"]
[White "Navumenka, Mikhei"]
[Black "Siniauski, Artsiom"]
[Result "1/2-1/2"]
[WhiteElo "2267"]
[BlackElo "2247"]
[PlyCount "149"]
[EventDate "2023.04.12"]
[EventType "tourn"]
[EventRounds "9"]
[EventCountry "BLR"]
[SourceTitle "EXT 2024"]
[Source "ChessBase"]
[SourceDate "2023.10.10"]
[SourceVersion "1"]
[SourceVersionDate "2023.10.10"]
[SourceQuality "1"]

1. Nf3 d5 2. g3 Nf6 3. Bg2 e6 4. d4 b5 5. 0-0 Nbd7 6. Nbd2 Bb7 7. c3 c5 8. dxc5 Bxc5 9. Nb3 Bd6 10. Nfd4 a6 11. e4 0-0 12. exd5 Bxd5 13. Bxd5 Nxd5 14. a4 bxa4 15. Rxa4 N7b6 16. Ra1 Nc4 17. Qe2 Qc8 18. Rd1 Re8 19. Na5 Nxa5 20. Rxa5 Bc7 21. Ra4 Bb6 22. Nf3 a5 23. Ne5 f6 24. Nd3 e5 25. Qe4 Qe6 26. c4 Ne7 27. c5 Bc7 28. Be3 Rad8 29. Raa1 Qb3 30. Qa4 Qxa4 31. Rxa4 Rd5 32. Kf1 Red8 33. Ke2 Nc6 34. f3 f5 35. Nf2 f4 36. Rxd5 Rxd5 37. gxf4 exf4 38. Bxf4 Bxf4 39. Rxf4 Rxc5 40. Kd2 Nb4 41. Kd1 Rc2 42. Rxb4 Rxf2 43. Rb8+ Kf7 44. Rb5 Rxh2 45. Rxa5 Rxb2 46. Ke1 Kf6 47. Kf1 g6 48. Kg1 h5 49. Kf1 h4 50. Kg1 g5 51. Rc5 Kg6 52. Ra5 Kf6 53. Rc5 Re2 54. Kf1 Ra2 55. Kg1 Kg6 56. Rb5 h3 57. Rb8 Rg2+ 58. Kh1 Rf2 59. Rf8 Kh7 60. Kg1 Rg2+ 61. Kh1 Kg7 62. Rf5 Kg6 63. Rf8 Kh7 64. Rf5 Kg7 65. Ra5 Kg6 66. Ra8 Rf2 67. Rf8 Kg7 68. Rf5 Kh6 69. Rf8 g4 70. Rh8+ Kg7 71. Rh4 gxf3 72. Rxh3 Rf1+ 73. Kh2 Kf6 74. Rh5 Kg6 75. Ra5 1/2-1/2

[Event "BLR-ch U20"]
[Site "Minsk"]
[Date "2022.04.22"]
[Round "11"]
[White "Hryharovich, Aliaksei"]
[Black "Navumenka, Mikhei"]
[Result "0-1"]
[WhiteElo "2100"]
[BlackElo "2138"]
[PlyCount "96"]
[EventDate "2022.04.13"]
[EventType "tourn"]
[EventRounds "11"]
[EventCountry "BLR"]
[SourceTitle "CBM 207 Extra"]
[Source "ChessBase"]
[SourceDate "2022.05.31"]
[SourceVersion "1"]
[SourceVersionDate "2022.05.31"]
[SourceQuality "1"]

1. d4 d5 2. c4 e6 3. Nc3 Nf6 4. cxd5 exd5 5. Bg5 Be7 6. e3 c6 7. Qc2 0-0 8. Bd3 Nbd7 9. Nf3 Re8 10. 0-0 h6 11. Bh4 Ne4 12. Bxe7 Qxe7 13. Rab1 Ng5 14. Nxg5 Qxg5 15. b4 a6 16. a4 Nf6 17. b5 axb5 18. axb5 Ra3 19. Ne2 Rxd3 20. Qxd3 Bf5 21. Qa3 Bxb1 22. Rxb1 Ng4 23. Ng3 h5 24. Qd3 g6 25. Nf1 h4 26. h3 Nf6 27. bxc6 bxc6 28. Rb6 Ne4 29. Rxc6 Ra8 30. Ra6 Rb8 31. Qc2 Qe7 32. Rc6 Qb7 33. Rc7 Qa6 34. Rc6 Qa1 35. Rc8+ Rxc8 36. Qxc8+ Kg7 37. Qc2 Qe1 38. g4 hxg3 39. fxg3 Nxg3 40. Qf2 Qxf1+ 41. Qxf1 Nxf1 42. Kxf1 Kf6 43. Kf2 Kf5 44. Kf3 g5 45. Kg3 Ke4 46. Kf2 f5 47. Ke2 f4 48. exf4 Kxf4 0-1

[Event "BLR-ch U20"]
[Site "Minsk"]
[Date "2022.04.21"]
[Round "10"]
[White "Navumenka, Mikhei"]
[Black "Vainerchuk, Barys"]
[Result "1-0"]
[WhiteElo "2138"]
[BlackElo "1997"]
[PlyCount "61"]
[EventDate "2022.04.13"]
[EventType "tourn"]
[EventRounds "11"]
[EventCountry "BLR"]
[SourceTitle "CBM 207 Extra"]
[Source "ChessBase"]
[SourceDate "2022.05.31"]
[SourceVersion "1"]
[SourceVersionDate "2022.05.31"]
[SourceQuality "1"]

1. d4 b6 2. e4 e6 3. Nf3 Bb7 4. Bd3 Nf6 5. e5 Ne4 6. 0-0 f5 7. Bc4 Nc6 8. Nbd2 Be7 9. Nb3 d5 10. exd6 Qxd6 11. d5 Rd8 12. Bb5 exd5 13. Nbd4 0-0 14. Bxc6 Bxc6 15. Bf4 Qxf4 16. Nxc6 Rd7 17. Nfe5 Bc5 18. Qf3 Qxf3 19. gxf3 Nf6 20. Nxd7 Nxd7 21. Rfe1 Rf6 22. Ne7+ Kf7 23. Nxd5 Rg6+ 24. Kh1 Bd6 25. f4 Nc5 26. Rad1 Ne6 27. Ne3 Bxf4 28. Nxf5 Ng5 29. Rd7+ Kf6 30. Ne7 Rh6 31. Ng8+ 1-0

[Event "BLR-ch U20"]
[Site "Minsk"]
[Date "2022.04.18"]
[Round "7"]
[White "Runets, Ivan"]
[Black "Navumenka, Mikhei"]
[Result "1-0"]
[WhiteElo "2194"]
[BlackElo "2138"]
[PlyCount "97"]
[EventDate "2022.04.13"]
[EventType "tourn"]
[EventRounds "11"]
[EventCountry "BLR"]
[SourceTitle "CBM 207 Extra"]
[Source "ChessBase"]
[SourceDate "2022.05.31"]
[SourceVersion "1"]
[SourceVersionDate "2022.05.31"]
[SourceQuality "1"]

1. d4 Nf6 2. c4 e6 3. Nc3 d5 4. Nf3 Be7 5. Bf4 0-0 6. e3 c6 7. c5 b6 8. b4 a5 9. a3 Ba6 10. Bxa6 Rxa6 11. 0-0 b5 12. h3 Nbd7 13. Nd2 Qa8 14. Nb3 Bd8 15. a4 bxa4 16. Rxa4 axb4 17. Rxb4 Re8 18. Qc2 e5 19. dxe5 Nxe5 20. Bxe5 Rxe5 21. Nd4 Ba5 22. Ra4 Bxc3 23. Rxa6 Qxa6 24. Qxc3 Re8 25. Qb2 Ra8 26. Rb1 Nd7 27. Nf5 f6 28. Qb7 Ra7 29. Qxa6 Rxa6 30. Rb7 Nxc5 31. Rxg7+ Kf8 32. Rxh7 Nd3 33. f3 Ra2 34. Rc7 c5 35. h4 d4 36. exd4 cxd4 37. Nxd4 Nf4 38. Nc2 f5 39. Rc4 Nh5 40. Nd4 Nf4 41. Nc2 Ng6 42. h5 Ne7 43. Kh2 Kg7 44. Kh3 Kh6 45. g4 Kg5 46. Kg3 fxg4 47. fxg4 Ra5 48. Nd4 Nd5 49. Rc6 1-0

[Event "BLR-ch U18"]
[Site "Orsha"]
[Date "2022.02.15"]
[Round "6"]
[White "Navumenka, Mikhei"]
[Black "Matsuk, Maksim"]
[Result "1-0"]
[WhiteElo "2114"]
[BlackElo "1150"]
[PlyCount "73"]
[EventDate "2022.02.10"]
[EventType "swiss"]
[EventRounds "9"]
[EventCountry "BLR"]
[SourceTitle "CBM 207 Extra"]
[Source "ChessBase"]
[SourceDate "2022.05.31"]
[SourceVersion "1"]
[SourceVersionDate "2022.05.31"]
[SourceQuality "1"]

1. g3 g6 2. Bg2 Bg7 3. d4 Nf6 4. Nf3 d5 5. 0-0 0-0 6. c4 dxc4 7. Na3 a5 8. Nxc4 Be6 9. b3 Bd5 10. a4 c6 11. Re1 b5 12. Ncd2 Ne4 13. Qc2 f5 14. Ba3 Nxd2 15. Nxd2 Bxg2 16. Kxg2 Bxd4 17. Rad1 Qb6 18. Bxe7 Re8 19. e3 Rxe7 20. exd4 Raa7 21. axb5 cxb5 22. Nf3 Na6 23. Qc8+ Kg7 24. d5 Qd6 25. Qc3+ Kg8 26. Qxa5 Nc5 27. Qxb5 Rab7 28. Qc6 Ne4 29. Rxe4 Qxc6 30. dxc6 fxe4 31. cxb7 exf3+ 32. Kxf3 Rxb7 33. Rb1 Kf7 34. b4 Ke6 35. b5 Kd6 36. Kg4 Kc5 37. b6 1-0

[Event "BLR-ch U18"]
[Site "Orsha"]
[Date "2022.02.14"]
[Round "5"]
[White "Runets, Ivan"]
[Black "Navumenka, Mikhei"]
[Result "1-0"]
[WhiteElo "2209"]
[BlackElo "2114"]
[PlyCount "133"]
[EventDate "2022.02.10"]
[EventType "swiss"]
[EventRounds "9"]
[EventCountry "BLR"]
[SourceTitle "CBM 207 Extra"]
[Source "ChessBase"]
[SourceDate "2022.05.31"]
[SourceVersion "1"]
[SourceVersionDate "2022.05.31"]
[SourceQuality "1"]

1. d4 Nf6 2. c4 e6 3. Nc3 d5 4. Nf3 Be7 5. Bg5 0-0 6. e3 h6 7. Bh4 b6 8. Be2 Bb7 9. Bxf6 Bxf6 10. b4 c5 11. bxc5 bxc5 12. Rb1 cxd4 13. exd4 Qa5 14. Qd2 Ba6 15. Nb5 Qd8 16. c5 Nc6 17. 0-0 Qd7 18. Rfc1 Rfc8 19. Qe3 Bxb5 20. Bxb5 Qc7 21. Bxc6 Qxc6 22. Qa3 Rc7 23. Rb4 Re8 24. h3 e5 25. dxe5 Bxe5 26. Qd3 Bf6 27. Nd4 Bxd4 28. Rxd4 Rd8 29. Rg4 Qf6 30. Qd4 Qxd4 31. Rxd4 g5 32. Kf1 Kg7 33. Ke2 Kf6 34. Kd3 Ke5 35. Re1+ Kf6 36. Rc1 Ke5 37. Ra4 Rdc8 38. Ra6 d4 39. c6 Rd8 40. Rc5+ Rd5 41. Raa5 Rxc5 42. Rxc5+ Kd6 43. Kxd4 Rxc6 44. Rxc6+ Kxc6 45. Ke5 Kb5 46. Kf6 Ka4 47. h4 Ka3 48. h5 Kxa2 49. Kg7 a5 50. Kxh6 a4 51. Kxg5 a3 52. h6 f6+ 53. Kg6 Kb3 54. h7 a2 55. h8Q a1Q 56. Qxf6 Qb1+ 57. Qf5 Qc1 58. Qe6+ Kb2 59. g4 Qd2 60. f4 Kc1 61. f5 Qd3 62. Kg7 Qd4+ 63. f6 Qc5 64. f7 Qg5+ 65. Kh7 Qd8 66. f8Q Qc7+ 67. Qg7 1-0

[Event "Orsha op-A 20th"]
[Site "Orsha"]
[Date "2022.02.06"]
[Round "7"]
[White "Mihajlovskij, Sergei"]
[Black "Navumenka, Mikhei"]
[Result "1-0"]
[WhiteElo "2368"]
[BlackElo "2114"]
[PlyCount "99"]
[EventDate "2022.02.02"]
[EventType "swiss"]
[EventRounds "9"]
[EventCountry "BLR"]
[SourceTitle "EXT 2023"]
[Source "ChessBase"]
[SourceDate "2022.10.05"]
[SourceVersion "1"]
[SourceVersionDate "2022.10.05"]
[SourceQuality "1"]

1. Nf3 Nf6 2. d4 e6 3. Bg5 h6 4. Bh4 g5 5. Bg3 d6 6. Nbd2 Bg7 7. e3 Nh5 8. Bd3 Nc6 9. c3 0-0 10. Ng1 Nxg3 11. hxg3 f5 12. Qb3 a6 13. Ngf3 Qe7 14. e4 d5 15. exf5 exf5+ 16. Kf1 Qf7 17. Re1 b5 18. Qc2 Bd7 19. Nb3 Rad8 20. Nc5 Bc8 21. b4 g4 22. Nh4 Rd6 23. f4 Nd8 24. Kf2 Ne6 25. Nxf5 Nxf4 26. gxf4 g3+ 27. Kf3 Bxf5 28. Bxf5 Qxf5 29. Qxf5 Rxf5 30. Kxg3 h5 31. Kf3 Rdf6 32. g3 Bf8 33. Nd7 Rc6 34. Re3 a5 35. a3 axb4 36. axb4 Bd6 37. Rxh5 Rxh5 38. Nf6+ Kf7 39. Nxh5 Ra6 40. g4 Ra1 41. Ng3 Rc1 42. g5 Rg1 43. Kg4 Rg2 44. Rf3 Kg7 45. Kf5 Rh2 46. Ke6 Kg6 47. Kxd5 Rh4 48. Ke4 Rg4 49. Nf5 Bf8 50. Rg3 1-0

[Event "FIDE Youth Super Final U14"]
[Site "Tornelo INT"]
[Date "2021.12.20"]
[Round "6"]
[White "Navumenka, Mikhei"]
[Black "Shahil, Dey"]
[Result "0-1"]
[WhiteElo "2114"]
[BlackElo "2400"]
[PlyCount "80"]
[EventDate "2021.12.18"]
[EventType "tourn (rapid)"]
[EventRounds "10"]
[EventCountry "NET"]
[SourceTitle "EXT 2023"]
[Source "ChessBase"]
[SourceDate "2022.10.05"]
[SourceVersion "1"]
[SourceVersionDate "2022.10.05"]
[SourceQuality "1"]

1. c4 e5 2. g3 Nc6 3. Bg2 g6 4. Nc3 Bg7 5. e3 Nge7 6. Nge2 d6 7. 0-0 Be6 8. b3 0-0 9. Bb2 Qd7 10. d4 exd4 11. exd4 Bh3 12. d5 Ne5 13. Bxh3 Qxh3 14. Nf4 Qd7 15. Kg2 h5 16. Nd3 Nf5 17. Nxe5 dxe5 18. Ne4 Rad8 19. Qf3 Rfe8 20. Rad1 Qe7 21. Bc1 f6 22. Rfe1 Qf8 23. Be3 a5 24. h4 b6 25. Nc3 Nxe3+ 26. Qxe3 f5 27. Nb5 Qf7 28. d6 c5 29. Qd3 Kh7 30. Qd5 Qd7 31. Nc7 Rf8 32. Ne6 f4 33. Nxd8 Rxd8 34. Rxe5 Bxe5 35. Qxe5 fxg3 36. fxg3 Re8 37. Qb2 Qg4 38. Rd2 Re3 39. Rf2 Rxg3+ 40. Kf1 Rg1# 0-1

[Event "FIDE Youth Super Final U14"]
[Site "Tornelo INT"]
[Date "2021.12.19"]
[Round "4"]
[White "Gurel, Ediz"]
[Black "Navumenka, Mikhei"]
[Result "1-0"]
[WhiteElo "2390"]
[BlackElo "2114"]
[PlyCount "85"]
[EventDate "2021.12.18"]
[EventType "tourn (rapid)"]
[EventRounds "10"]
[EventCountry "NET"]
[SourceTitle "EXT 2023"]
[Source "ChessBase"]
[SourceDate "2022.10.05"]
[SourceVersion "1"]
[SourceVersionDate "2022.10.05"]
[SourceQuality "1"]

1. e4 e6 2. d4 d5 3. Nd2 Be7 4. Ngf3 c5 5. exd5 exd5 6. dxc5 Nf6 7. Bb5+ Nc6 8. 0-0 0-0 9. Nb3 Bg4 10. h3 Bh5 11. Be3 Ne4 12. Be2 Re8 13. c3 Bf8 14. Re1 Rc8 15. Nfd2 Bxe2 16. Rxe2 Qf6 17. Nxe4 dxe4 18. Qc2 Qg6 19. Nd2 f5 20. Nc4 Qf7 21. Nd6 Bxd6 22. cxd6 Rcd8 23. Bf4 Ne5 24. Bxe5 Rxe5 25. Rd1 Rd5 26. Rxd5 Qxd5 27. Rd2 Qxa2 28. c4 b6 29. Qc3 Qa4 30. Rd5 Qd7 31. Qe5 a5 32. Qd4 Re8 33. Qxb6 e3 34. fxe3 f4 35. exf4 Qf7 36. d7 Re1+ 37. Kf2 Qxf4+ 38. Kxe1 Qe4+ 39. Kd2 Qxg2+ 40. Kc3 Qg3+ 41. Rd3 Qe1+ 42. Kb3 a4+ 43. Ka2 1-0